Análisis sociocultural del territorio en el Alto Amazonas Loreto / (Record no. 21219)

000 -CABECERA
fixed length control field 01366nam a22002417a 4500
003 - IDENTIFICADOR DEL NÚMERO DE CONTROL
control field AR-CdUCM
008 - DATOS DE LONGITUD FIJA--INFORMACIÓN GENERAL
fixed length control field 190307b ||||| |||| 00| 0 spa d
040 ## - FUENTE DE LA CATALOGACIÓN
Agencia/entidad que catalogó originalmente la obra MUNICIPALIDAD PROVINCIAL DEL CUSCO
Entidad que transcribió la catalogación BIBLIOTECA MUNICIPAL DEL CUSCO
082 ## - NÚMERO DE LA CLASIFICACIÓN DECIMAL DEWEY
No. de Clasificación 338.985 / P26A
Notacion interna P26A
100 ## - ENTRADA PRINCIPAL--NOMBRE DE PERSONA
Nombre Personal Parra Argandoña, Hamilton
245 ## - MENCIÓN DE TÍTULO
Título Análisis sociocultural del territorio en el Alto Amazonas Loreto /
260 ## - PUBLICACIÓN, DISTRIBUCIÓN, ETC.
Lugar de publicación, distribución, etc. Cusco :
Nombre de la editorial, distribuidor, etc. Gustavo Impresores,
Fecha de publicación, distribución, etc. 2018.
300 ## - DESCRIPCIÓN FÍSICA
Nº de Páginas Extensión 109 páginas ;
Dimensiones 20 cm.
505 ## - NOTA DE CONTENIDO CON FORMATO
Nota de contenido formateada Contenido: El fenómeno de la globalización está propiciando la pérdida y debilitamiento cultural -- Insuficiente cobertura de los servicios básicos de agua, desagüe y electricidad limita el acceso de la población al servicio -- Insuficiente cobertura de la atención en Salud genera limitaciones en la calidad de vida de la población -- Deficiente prestación de los servicios educativos limita el aprovechamiento del capital humano en la provincial de Alto Amazonas ...
650 ## - PUNTO DE ACCESO ADICIONAL DE MATERIA--TÉRMINO DE MATERIA
Descriptor Gobiernos regionales - Administración - Economía
9 (RLIN) 12705
650 ## - PUNTO DE ACCESO ADICIONAL DE MATERIA--TÉRMINO DE MATERIA
Descriptor Administración pública - Perú
9 (RLIN) 12706
650 ## - PUNTO DE ACCESO ADICIONAL DE MATERIA--TÉRMINO DE MATERIA
Descriptor Proyectos de desarrollo económico
9 (RLIN) 8359
650 ## - PUNTO DE ACCESO ADICIONAL DE MATERIA--TÉRMINO DE MATERIA
Descriptor Estudio de casos - Cusco - Proyectos de desarrollo económico
9 (RLIN) 12707
650 ## - PUNTO DE ACCESO ADICIONAL DE MATERIA--TÉRMINO DE MATERIA
Descriptor Desarrollo Urbano
9 (RLIN) 14520
650 ## - PUNTO DE ACCESO ADICIONAL DE MATERIA--TÉRMINO DE MATERIA
Descriptor Amazonía
9 (RLIN) 3433
942 ## - ELEMENTOS DE PUNTO DE ACCESO ADICIONAL (KOHA)
Fuente de clasificación
Tipo de item Libros-BMC
945 ## - PROCESAMIENTO DE INFORMACIÓN LOCAL (OCLC)
Catalogador Roel
Holdings
Estado de retiro (separado) Fuente de clasificación o esquema de estanterías Estado dañado Ubicación Sala donde se ubica Nombre de la colección Fecha de adquisición o compra Fuente de adquisición Costo, precio normal en soles Signatura topográfica Código de Barras Última vez visto (Koha) Tipo de ítem (Koha)
No     Sala Humanidades Sala Humanidades Book Cart 2020-02-18 Depósito Legal BNP N° 2018-10544 10.00 338.985 / P26A SH0000015692 2020-02-18 Libros-BMC

Powered by Koha